Erkenne 100 einflussreiche Menschen der letzten 500 Jahre! - Statistiken

Allgemein
  • Dieses Quiz wurde 757 mal gespielt
  • Das Durchschnittsergebnis liegt bei 28 aus 100
Antwortstatistiken
Bildquiz Hint Antwort % Korrekt
Theologie Martin Luther
93%
Politik Adolf Hitler
91%
Physik Albert Einstein
91%
Musik Wolfgang Amadeus Mozart
88%
Politik Mohandas Karamchand Gandhi
80%
Politik/Militär Napoleon Bonaparte
80%
Kunst/Technik Leonardo da Vinci
78%
Politik Martin Luther King Jr.
78%
Politik Nelson Rolihlahla Mandela
76%
Politik Abraham Lincoln
74%
Physik/Chemie Marie Skłodowska Curie
73%
Politik/Militär George Washington
70%
Philosophie Karl Marx
70%
Musik Johann Sebastian Bach
69%
Politik Mao Zedong
68%
Geographie Christoph Kolumbus
66%
Politik Winston Leonard Spencer-Churchill
66%
Physik/Mathematik Isaac Newton
63%
Biologie Charles Robert Darwin
60%
Politik Michail Sergejewitsch Gorbatschow
56%
Literatur William Shakespeare
56%
Psychologie Sigmund Freud
55%
Politik Wladimir Iljitsch Lenin
55%
Physik/Astronomie Galileo Galilei
54%
Politik Elisabeth I.
52%
Technik/Physik Nikola Tesla
52%
Politik Victoria
52%
Politik/Militär Ernesto „Che“ Guevara
50%
Philosophie Immanuel Kant
50%
Kunst Vincent Willem van Gogh
49%
Astronomie Nikolaus Kopernikus
45%
Technik Thomas Alva Edison
44%
Politik Franklin Delano Roosevelt
43%
Technik Johannes Gensfleisch (Gutenberg)
34%
Astronomie/Mathematik Johannes Kepler
32%
Politik/Militär Katharina II. (die Große)
29%
Physik Niels Henrik David Bohr
29%
Biologie Gregor Johann Mendel
28%
Physik Wilhelm Conrad Röntgen
27%
Technik Henry Ford
25%
Kunst Michelangelo Buonarroti
25%
Geographie/Biologie Friedrich Wilhelm Heinrich Alexander von Humboldt
24%
Philosophie René Descartes
24%
Mathematik/Philosophie Gottfried Wilhelm Leibniz
23%
Technik James Watt
22%
Physik Max Karl Ernst Ludwig Planck
22%
Geographie Vasco da Gama
22%
Mathematik Leonhard Euler
21%
Medizin Alexander Fleming
19%
Technik Konrad Ernst Otto Zuse
19%
Theologie Pius IX.
18%
Theologie Johannes Calvin
17%
Philosophie Adam Smith
14%
Politik/Militär Peter I. (der Große)
13%
Chemie Otto Emil Hahn
12%
Chemie Fritz Jakob Haber
11%
Philosophie Jean-Jacques Rousseau
11%
Philosophie John Locke
11%
Politik/Militär Simón José Antonio de la Santísima Trinidad Bolívar y Ponte Palacios y Blanco
11%
Chemie/Medizin Louis Pasteur
10%
Physik Michael Faraday
10%
Philosophie Niccolò Machiavelli
10%
Politik/MIlitär Süleyman I.
10%
Informatik Timothy John Berners-Lee
10%
Theologie/Philosophie Erasmus von Rotterdam
9%
Technik Wilbur Wright
9%
Physik James Clerk Maxwell
7%
Physik Enrico Fermi
6%
Politik Frederick Douglass
6%
Technik Guglielmo Marconi
6%
Biologie James Dewey Watson
6%
Politik/Militär Mehmed II.
6%
Chemie Antoine Laurent de Lavoisier
5%
Technik/Chemie Charles Nelson Goodyear
5%
Medizin Ignaz Philipp Semmelweis
5%
Chemie John Dalton
5%
Militär Hernán Cortés de Monroy y Pizarro Altamirano
4%
Humanitarismus Jean-Henri Dunant
4%
Physik Paul Adrien Maurice Dirac
4%
Medizin Edward Anthony Jenner
3%
Philosophie Francis Bacon
3%
Technik Johann Philipp Reis
3%
Technik/Wirtschaft Richard Arkwright
2%
Politik Sun Yat-sen
2%
Biologie/Medizin Antoni van Leeuwenhoek
1%
Theologie/Politik Bartolomé de Las Casas
1%
Politik Francis Nwia Kofi Kwame Nkrumah
1%
Physik John Bardeen
1%
Medizin Joseph Lister
1%
Medizin Karl Landsteiner
1%
Technik Louis Jacques Mandé Daguerre
1%
Medizin William Harvey
1%
Politik/Militär Zahir ad-Din Muhammad Babur
1%
Technik Jean-Joseph Étienne Lenoir
0%
Politik/Militär Nader Schah Afschar
0%
Militär/Politik Nurhaci
0%
Politik/Philosophie Olympe de Gouges
0%
Politik/Militär Qiánlóng
0%
Technik/Physik Robert Hutchings Goddard
0%
Medizin William Thomas Green Morton
0%
Keine übereinstimmenden Quizze gefunden
Verteilung der Resultate
Anzahl Personen mit jedem Resultat
Perzentil nach korrekt beantworteten Fragen
Ihre Resultats-Entwicklung
Sie haben dieses Quiz noch nicht gespielt